Missing Word: Elton John (A–Z) Quiz Stats

 Plays Quiz Updated Jun 3, 2016

Challenge
Share
Tweet
Embed
Score 0/25 Timer 04:00
0 Plays Today
Song Word % Correct
Don't Go Breaking _____ Heart (feat. Kiki Dee)My
97.7%
Don't _____ the Sun Go Down On MeLet
97.5%
____ the Girls Love AliceAll
95.8%
All _____ on the Western FrontQuiet
94%
_____ and the JetsBennie
93.2%
_____ in the WindCandle
92.7%
Tiny _____ Dancer
91.5%
____ Me to the PilotTake
90.8%
____ Seems To Be The Hardest WordSorry
90.5%
_____ Yellow Brick RoadGoodbye
88%
_____ SongYour
81.6%
Grow Some Funk of Your ___Own
77.8%
____ the BrideKiss
77.4%
Song Word % Correct
Where to ___ St. Peter?Now
74.3%
_____ ManRocket
68.2%
Leather ____Jackets
63.6%
____ Time LovePart
63.6%
Madman Across the ____Water
60.6%
____ CatHonky
53.4%
I ____ Like a Bullet (In the Gun of Robert Ford)Feel
53.2%
Too Low for ____Zero
41.9%
____ GirlIsland
40.3%
______ of LoveVictim
20%
Sartorial ____Eloquence
8.3%
Medley (Yell Help/Wednesday Night/____)Ugly
6.3%

Today's Daily Dose

Missing Word
TV HA - HZ

Word Ladder
Nordic Capital

On This Day
January 19th II

You're not logged in!

Compare scores with friends on all Sporcle quizzes.
OR
Log In

You Might Also Like...

Show Comments

Extras

Top Quizzes Today


Score Distribution

Your Account Isn't Verified!

In order to create a playlist on Sporcle, you need to verify the email address you used during registration. Go to your Sporcle Settings to finish the process.

Report this User

Report this user for behavior that violates our Community Guidelines.

Details: